[Event "U12-U20 French Championships"]
[Site "chess24.com"]
[Date "2019.04.17"]
[Round "5"]
[White "Espinoux, Jules"]
[Black "Bournel, Antoine"]
[Result "0-1"]
[Board "14"]
[WhiteElo "1885"]
[WhiteCountry "FRA"]
[WhiteFideId "36017850"]
[WhiteEloChange "-3"]
[BlackElo "2221"]
[BlackCountry "FRA"]
[BlackFideId "26093553"]
[BlackEloChange "3"]

1. d4 {[%clk 1:30:59]} Nf6 {[%clk 1:30:43]} 2. Nf3 {[%clk 1:31:21]} d5 {[%clk
1:30:33]} 3. e3 {[%clk 1:29:59]} e6 {[%clk 1:29:48]} 4. Bd3 {[%clk 1:30:19]} c5
{[%clk 1:29:40]} 5. O-O {[%clk 1:30:13]} Nc6 {[%clk 1:29:33]} 6. b3 {[%clk
1:30:16]} Bd6 {[%clk 1:27:53]} 7. Bb2 {[%clk 1:30:31]} O-O {[%clk 1:26:51]} 8.
Nbd2 {[%clk 1:29:01]} Qc7 {[%clk 1:21:00]} 9. dxc5 {[%clk 1:18:25]} Bxc5 {[%clk
1:20:50]} 10. Bxf6 {[%clk 1:15:42]} gxf6 {[%clk 1:21:15]} 11. Nd4 {[%clk
1:14:11]} Qe5 {[%clk 1:10:36]} 12. Qg4+ {[%clk 1:12:42]} Qg5 {[%clk 1:08:50]} 13.
Qh3 {[%clk 1:11:09]} Qg7 {[%clk 1:07:43]} 14. Nxc6 {[%clk 0:59:29]} bxc6 {[%clk
1:07:13]} 15. c4 {[%clk 0:51:37]} Bd7 {[%clk 0:56:28]} 16. Rac1 {[%clk 0:46:22]}
Bd6 {[%clk 0:52:50]} 17. e4 {[%clk 0:39:15]} Bf4 {[%clk 0:48:00]} 18. Rcd1 {[%clk
0:36:55]} d4 {[%clk 0:47:40]} 19. c5 {[%clk 0:35:45]} Rad8 {[%clk 0:42:32]} 20.
e5 {[%clk 0:28:33]} fxe5 {[%clk 0:41:12]} 21. Nf3 {[%clk 0:21:45]} Bc8 {[%clk
0:36:36]} 22. Kh1 {[%clk 0:19:15]} f6 {[%clk 0:31:58]} 23. g3 {[%clk 0:17:09]}
Bh6 {[%clk 0:32:22]} 24. Rfe1 {[%clk 0:16:37]} Rd5 {[%clk 0:21:13]} 25. b4 {[%clk
0:15:51]} Bg5 {[%clk 0:18:32]} 26. Bc4 {[%clk 0:14:39]} h6 {[%clk 0:16:22]} 27.
Rd3 {[%clk 0:13:21]} Re8 {[%clk 0:13:47]} 28. Qh5 {[%clk 0:10:53]} Rdd8 {[%clk
0:05:58]} 29. h4 {[%clk 0:10:51]} Kf8 {[%clk 0:04:49]} 30. hxg5 {[%clk 0:10:53]}
hxg5 {[%clk 0:05:13]} 31. Ra3 {[%clk 0:10:21]} Rd7 {[%clk 0:05:05]} 32. Kg2
{[%clk 0:09:26]} Rb7 {[%clk 0:04:22]} 33. Rb3 {[%clk 0:08:31]} g4 {[%clk
0:04:25]} 34. Nh4 {[%clk 0:07:22]} Ke7 {[%clk 0:04:47]} 35. f4 {[%clk 0:05:25]}
gxf3+ {[%clk 0:04:49]} 36. Qxf3 {[%clk 0:05:38]} Rc7 {[%clk 0:03:49]} 37. Qh5
{[%clk 0:04:20]} Rg8 {[%clk 0:03:07]} 38. Qf3 {[%clk 0:03:24]} Qg5 {[%clk
0:03:08]} 39. Nf5+ {[%clk 0:02:47]} exf5 {[%clk 0:03:30]} 40. Bxg8 {[%clk
0:03:12]} Qxg8 {[%clk 0:03:52]} 41. Rh1 {[%clk 0:02:51]} Be6 {[%clk 0:04:04]} 42.
Qh5 {[%clk 0:02:09]} Bxb3 {[%clk 0:03:37]} 43. axb3 {[%clk 0:02:38]} Ke6 {[%clk
0:03:04]} 44. Rf1 {[%clk 0:02:55]} f4 {[%clk 0:03:21]} 45. g4 {[%clk 0:02:33]}
Rg7 {[%clk 0:03:30]} 46. Qf5+ {[%clk 0:02:53]} Ke7 {[%clk 0:03:54]} 47. Kf3
{[%clk 0:02:42]} Qxb3+ {[%clk 0:04:08]} 48. Ke2 {[%clk 0:02:49]} Qe6 {[%clk
0:03:04]} 49. Ra1 {[%clk 0:02:37]} Qxf5 {[%clk 0:03:05]} 50. gxf5 {[%clk
0:03:07]} Kf8 {[%clk 0:03:00]} 51. b5 {[%clk 0:03:00]} cxb5 {[%clk 0:03:17]} 52.
Ra6 {[%clk 0:03:25]} Rc7 {[%clk 0:02:46]} 53. Rxf6+ {[%clk 0:03:42]} Kg7 {[%clk
0:03:07]} 54. Rg6+ {[%clk 0:04:03]} Kf7 {[%clk 0:03:31]} 55. c6 {[%clk 0:04:21]}
e4 {[%clk 0:02:40]} 56. Rh6 {[%clk 0:04:39]} Rc8 {[%clk 0:02:23]} 57. c7 {[%clk
0:02:30]} b4 {[%clk 0:02:33]} 58. Re6 {[%clk 0:02:17]} Rxc7 {[%clk 0:02:38]} 59.
Kd2 {[%clk 0:02:30]} Re7 {[%clk 0:02:55]} 60. Rh6 {[%clk 0:02:46]} e3+ {[%clk
0:03:14]} 61. Ke1 {[%clk 0:03:11]} d3 {[%clk 0:03:32]} 62. Rc6 {[%clk 0:03:06]}
f3 {[%clk 0:03:41]} 0-1

[Event "U12-U20 French Championships"]
[Site "chess24.com"]
[Date "2019.04.17"]
[Round "5"]
[White "Belluire, Beatrice"]
[Black "Bellahcene, Meriem"]
[Result "0-1"]
[Board "15"]
[WhiteElo "1870"]
[WhiteCountry "FRA"]
[WhiteFideId "26017296"]
[WhiteEloChange "-10"]
[BlackElo "1883"]
[BlackCountry "FRA"]
[BlackFideId "20655347"]
[BlackEloChange "10"]

1. e4 {[%clk 1:31:00]} c5 {[%clk 1:30:56]} 2. Nf3 {[%clk 1:31:27]} Nc6 {[%clk
1:31:19]} 3. Bb5 {[%clk 1:31:53]} d6 {[%clk 1:31:40]} 4. O-O {[%clk 1:32:02]} Bd7
{[%clk 1:32:01]} 5. Re1 {[%clk 1:32:01]} Nf6 {[%clk 1:32:13]} 6. c3 {[%clk
1:32:10]} a6 {[%clk 1:32:20]} 7. Bc4 {[%clk 1:32:08]} Bg4 {[%clk 1:32:02]} 8. d4
{[%clk 1:22:21]} cxd4 {[%clk 1:32:21]} 9. cxd4 {[%clk 1:22:41]} Bxf3 {[%clk
1:32:38]} 10. gxf3 {[%clk 1:22:57]} Rc8 {[%clk 1:32:55]} 11. Be3 {[%clk 1:05:55]}
e6 {[%clk 1:31:24]} 12. a4 {[%clk 1:01:38]} Be7 {[%clk 1:22:32]} 13. Bf1 {[%clk
1:01:18]} O-O {[%clk 1:20:53]} 14. Nc3 {[%clk 0:59:13]} Qa5 {[%clk 1:16:00]} 15.
Rc1 {[%clk 0:54:57]} Qh5 {[%clk 1:13:40]} 16. Kh1 {[%clk 0:52:19]} Na5 {[%clk
0:54:37]} 17. b3 {[%clk 0:47:21]} Nc6 {[%clk 0:51:11]} 18. Be2 {[%clk 0:47:01]}
Qa5 {[%clk 0:43:08]} 19. Rg1 {[%clk 0:46:05]} Ne8 {[%clk 0:42:39]} 20. d5 {[%clk
0:40:12]} Ne5 {[%clk 0:33:54]} 21. Qd2 {[%clk 0:32:25]} Ng6 {[%clk 0:27:11]} 22.
dxe6 {[%clk 0:21:14]} fxe6 {[%clk 0:27:32]} 23. Nd5 {[%clk 0:15:16]} Qxd2 {[%clk
0:26:08]} 24. Nxe7+ {[%clk 0:15:36]} Nxe7 {[%clk 0:26:38]} 25. Bxd2 {[%clk
0:15:59]} Rxc1 {[%clk 0:25:44]} 26. Bxc1 {[%clk 0:15:58]} e5 {[%clk 0:23:36]} 27.
Rd1 {[%clk 0:10:50]} Nc6 {[%clk 0:22:22]} 28. Bb2 {[%clk 0:11:00]} Rf6 {[%clk
0:22:02]} 29. Bc4+ {[%clk 0:11:04]} Kf8 {[%clk 0:22:25]} 30. Kg2 {[%clk 0:11:28]}
Ke7 {[%clk 0:22:19]} 31. Bc3 {[%clk 0:11:33]} Nc7 {[%clk 0:21:44]} 32. Bd5 {[%clk
0:10:36]} Ne6 {[%clk 0:17:14]} 33. Bb2 {[%clk 0:04:30]} Nf4+ {[%clk 0:15:38]} 34.
Kf1 {[%clk 0:05:00]} Rg6 {[%clk 0:15:27]} 35. Bc1 {[%clk 0:04:45]} Nh3 {[%clk
0:14:30]} 36. Be3 {[%clk 0:03:40]} Ng1 {[%clk 0:12:12]} 37. f4 {[%clk 0:03:22]}
Nf3 {[%clk 0:12:36]} 38. f5 {[%clk 0:03:06]} Rg1+ {[%clk 0:10:59]} 39. Ke2 {[%clk
0:03:35]} Rxd1 {[%clk 0:11:18]} 40. Kxd1 {[%clk 0:04:03]} Nxh2 {[%clk 0:11:39]}
41. Bg5+ {[%clk 0:03:34]} Kd7 {[%clk 0:12:01]} 42. Be6+ {[%clk 0:03:04]} Kc7
{[%clk 0:12:21]} 43. f4 {[%clk 0:01:26]} Nf3 {[%clk 0:11:16]} 44. f6 {[%clk
0:01:38]} gxf6 {[%clk 0:11:26]} 45. Bxf6 {[%clk 0:01:57]} exf4 {[%clk 0:11:40]}
46. Bd5 {[%clk 0:01:12]} h5 {[%clk 0:10:52]} 47. Ke2 {[%clk 0:01:18]} Nce5 {[%clk
0:11:08]} 48. b4 {[%clk 0:00:46]} h4 {[%clk 0:08:29]} 49. Kf1 {[%clk 0:01:06]}
Ng4 {[%clk 0:08:59]} 50. Be7 {[%clk 0:00:56]} h3 {[%clk 0:08:20]} 51. Be6 {[%clk
0:00:55]} Ne3+ {[%clk 0:08:45]} 52. Kf2 {[%clk 0:01:00]} h2 {[%clk 0:09:10]} 53.
Kxf3 {[%clk 0:01:17]} h1Q+ {[%clk 0:09:36]} 54. Kxf4 {[%clk 0:01:40]} Qh6+ {[%clk
0:09:45]} 55. Bg5 {[%clk 0:02:02]} Qxe6 {[%clk 0:09:49]} 56. Kxe3 {[%clk
0:02:25]} Qb3+ {[%clk 0:10:09]} 57. Kf4 {[%clk 0:02:46]} Qxb4 {[%clk 0:10:26]}
0-1

[Event "U12-U20 French Championships"]
[Site "chess24.com"]
[Date "2019.04.17"]
[Round "5"]
[White "Breysse, Astrid"]
[Black "Pucheu, Camille"]
[Result "0-1"]
[Board "17"]
[WhiteElo "1628"]
[WhiteCountry "FRA"]
[WhiteFideId "26033623"]
[WhiteEloChange "-8"]
[BlackElo "1695"]
[BlackCountry "FRA"]
[BlackFideId "36046752"]
[BlackEloChange "8"]

1. e4 {[%clk 1:30:57]} c5 {[%clk 1:30:41]} 2. Nf3 {[%clk 1:31:19]} d6 {[%clk
1:30:50]} 3. d4 {[%clk 1:31:37]} cxd4 {[%clk 1:31:04]} 4. Nxd4 {[%clk 1:32:01]}
Nf6 {[%clk 1:31:16]} 5. Nc3 {[%clk 1:32:24]} g6 {[%clk 1:31:30]} 6. Be3 {[%clk
1:32:17]} Bg7 {[%clk 1:31:35]} 7. f3 {[%clk 1:32:34]} O-O {[%clk 1:31:39]} 8. Qd2
{[%clk 1:32:59]} Nc6 {[%clk 1:31:42]} 9. O-O-O {[%clk 1:33:15]} Bd7 {[%clk
1:31:20]} 10. g4 {[%clk 1:32:11]} Ne5 {[%clk 1:23:35]} 11. h4 {[%clk 1:25:51]} h5
{[%clk 1:16:24]} 12. gxh5 {[%clk 1:19:12]} Nxh5 {[%clk 1:09:17]} 13. Be2 {[%clk
1:15:21]} Rc8 {[%clk 1:05:21]} 14. Kb1 {[%clk 1:06:01]} a6 {[%clk 0:59:38]} 15.
Rdg1 {[%clk 1:01:09]} Nc4 {[%clk 0:55:34]} 16. Bxc4 {[%clk 0:59:43]} Rxc4 {[%clk
0:55:52]} 17. Nde2 {[%clk 0:00:41]} Be6 {[%clk 0:40:18]} 18. Bh6 {[%clk 0:57:08]}
Qb6 {[%clk 0:34:27]} 19. Bxg7 {[%clk 0:52:05]} Kxg7 {[%clk 0:34:15]} 20. Qg5
{[%clk 0:43:26]} Rc5 {[%clk 0:17:04]} 21. Qg2 {[%clk 0:39:53]} Qc6 {[%clk
0:08:43]} 22. Nd4 {[%clk 0:36:52]} Qd7 {[%clk 0:08:46]} 23. a3 {[%clk 0:34:18]}
Rfc8 {[%clk 0:07:37]} 24. Na4 {[%clk 0:33:14]} Rxc2 {[%clk 0:03:00]} 25. Nxc2
{[%clk 0:32:18]} Qxa4 {[%clk 0:03:23]} 26. Qd2 {[%clk 0:31:22]} Qb3 {[%clk
0:03:04]} 27. Kc1 {[%clk 0:28:56]} Nf4 {[%clk 0:01:49]} 28. Kd1 {[%clk 0:24:51]}
Nd3 {[%clk 0:00:59]} 29. Rh2 {[%clk 0:24:48]} Nxb2+ {[%clk 0:01:10]} 30. Ke1
{[%clk 0:25:05]} Nd3+ {[%clk 0:01:21]} 31. Kf1 {[%clk 0:23:37]} Qb1+ {[%clk
0:01:19]} 32. Kg2 {[%clk 0:19:40]} Qxc2 {[%clk 0:01:47]} 33. Qxc2 {[%clk
0:19:58]} Rxc2+ {[%clk 0:02:13]} 34. Kg3 {[%clk 0:20:07]} Rxh2 {[%clk 0:02:03]}
35. Kxh2 {[%clk 0:20:33]} Ne5 {[%clk 0:01:55]} 36. Kg3 {[%clk 0:20:37]} Nc4
{[%clk 0:02:03]} 37. Rb1 {[%clk 0:19:29]} b5 {[%clk 0:02:18]} 38. Ra1 {[%clk
0:18:50]} d5 {[%clk 0:01:59]} 39. exd5 {[%clk 0:18:22]} Bxd5 {[%clk 0:02:25]} 40.
Kf2 {[%clk 0:18:38]} e6 {[%clk 0:02:24]} 41. Ke2 {[%clk 0:17:50]} Kh6 {[%clk
0:01:38]} 42. Kf2 {[%clk 0:17:55]} Kh5 {[%clk 0:01:01]} 43. Kg3 {[%clk 0:18:01]}
Ne5 {[%clk 0:00:58]} 44. f4 {[%clk 0:18:00]} Nd3 {[%clk 0:00:52]} 45. Rd1 {[%clk
0:17:55]} Nb2 {[%clk 0:01:01]} 46. Rd4 {[%clk 0:17:52]} Nc4 {[%clk 0:01:16]} 47.
Rd3 {[%clk 0:18:02]} Kh6 {[%clk 0:01:10]} 48. Kg4 {[%clk 0:17:49]} f5+ {[%clk
0:01:20]} 49. Kh3 {[%clk 0:17:53]} Kg7 {[%clk 0:01:28]} 50. Rg3 {[%clk 0:17:57]}
Kf6 {[%clk 0:01:27]} 51. Rd3 {[%clk 0:17:03]} Kf7 {[%clk 0:00:59]} 52. Kh2 {[%clk
0:15:48]} Kf6 {[%clk 0:00:48]} 53. Kh3 {[%clk 0:16:09]} Kf7 {[%clk 0:00:42]} 54.
Kh2 {[%clk 0:16:28]} Kf6 {[%clk 0:00:51]} 55. Kh3 {[%clk 0:16:50]} Be4 {[%clk
0:00:58]} 56. Rc3 {[%clk 0:15:12]} e5 {[%clk 0:01:08]} 57. Kg3 {[%clk 0:15:24]}
Ke6 {[%clk 0:01:00]} 58. a4 {[%clk 0:15:22]} Bc6 {[%clk 0:00:51]} 59. Rc2 {[%clk
0:15:21]} Be4 {[%clk 0:00:47]} 60. Rc3 {[%clk 0:15:33]} Bc6 {[%clk 0:00:39]} 61.
Rc2 {[%clk 0:15:57]} Be4 {[%clk 0:00:50]} 62. Rc3 {[%clk 0:16:09]} Nb6 {[%clk
0:00:42]} 63. axb5 {[%clk 0:16:25]} axb5 {[%clk 0:01:09]} 64. Rc5 {[%clk
0:16:46]} exf4+ {[%clk 0:01:39]} 65. Kxf4 {[%clk 0:17:07]} Nd5+ {[%clk 0:01:31]}
66. Kg5 {[%clk 0:16:59]} f4 {[%clk 0:01:16]} 67. Rxb5 {[%clk 0:17:23]} f3 {[%clk
0:01:25]} 68. Rb2 {[%clk 0:17:39]} Nc3 {[%clk 0:01:14]} 69. Kf4 {[%clk 0:16:51]}
Kd5 {[%clk 0:01:08]} 70. Rd2+ {[%clk 0:16:00]} Ke6 {[%clk 0:01:12]} 71. Ke3
{[%clk 0:15:46]} Ke5 {[%clk 0:01:27]} 72. Kf2 {[%clk 0:15:50]} Kf4 {[%clk
0:01:31]} 73. Rd4 {[%clk 0:14:54]} Nd5 {[%clk 0:01:25]} 74. Rc4 {[%clk 0:14:47]}
Ne3 {[%clk 0:01:25]} 75. Rd4 {[%clk 0:13:32]} Ng4+ {[%clk 0:01:39]} 76. Kf1
{[%clk 0:13:43]} Ke3 {[%clk 0:01:49]} 77. Ra4 {[%clk 0:13:44]} Bd3+ {[%clk
0:02:08]} 78. Kg1 {[%clk 0:13:14]} f2+ {[%clk 0:02:28]} 79. Kg2 {[%clk 0:13:35]}
f1Q+ {[%clk 0:02:41]} 80. Kg3 {[%clk 0:13:57]} Qf3# {[%clk 0:02:50]} 0-1

[Event "U12-U20 French Championships"]
[Site "chess24.com"]
[Date "2019.04.17"]
[Round "5"]
[White "Boulos, Carlos"]
[Black "Harutyunyan, Ruben"]
[Result "1/2-1/2"]
[Board "19"]
[WhiteElo "2193"]
[WhiteCountry "LBN"]
[WhiteFideId "5302749"]
[WhiteEloChange "3"]
[BlackTitle "FM"]
[BlackElo "2310"]
[BlackCountry "FRA"]
[BlackFideId "26042410"]
[BlackEloChange "-3"]

1. e4 {[%clk 1:30:59]} c5 {[%clk 1:30:56]} 2. Nf3 {[%clk 1:31:17]} d6 {[%clk
1:31:22]} 3. d4 {[%clk 1:31:16]} cxd4 {[%clk 1:31:49]} 4. Nxd4 {[%clk 1:31:41]}
Nf6 {[%clk 1:32:16]} 5. Nc3 {[%clk 1:31:38]} e6 {[%clk 1:32:42]} 6. Be3 {[%clk
1:31:07]} a6 {[%clk 1:26:50]} 7. f3 {[%clk 1:30:55]} b5 {[%clk 1:26:49]} 8. a4
{[%clk 1:28:03]} b4 {[%clk 1:25:57]} 9. Na2 {[%clk 1:28:25]} e5 {[%clk 1:21:46]}
10. Nb3 {[%clk 1:26:34]} d5 {[%clk 1:21:03]} 11. Bg5 {[%clk 1:24:17]} Be6 {[%clk
1:15:24]} 12. Be2 {[%clk 1:08:45]} Nc6 {[%clk 1:03:42]} 13. Bxf6 {[%clk 1:04:03]}
gxf6 {[%clk 0:58:12]} 14. O-O {[%clk 1:01:39]} f5 {[%clk 0:43:34]} 15. Qe1 {[%clk
0:51:53]} dxe4 {[%clk 0:36:40]} 16. fxe4 {[%clk 0:51:11]} f4 {[%clk 0:25:59]} 17.
Rd1 {[%clk 0:49:24]} Qg5 {[%clk 0:21:55]} 18. Nac1 {[%clk 0:43:20]} Rg8 {[%clk
0:20:49]} 19. Rf2 {[%clk 0:39:30]} Be7 {[%clk 0:16:33]} 20. Qf1 {[%clk 0:35:43]}
Rg6 {[%clk 0:04:05]} 21. Bxa6 {[%clk 0:29:18]} Bh3 {[%clk 0:04:05]} 22. Bb7
{[%clk 0:11:48]} f3 {[%clk 0:04:25]} 23. Rxf3 {[%clk 0:16:34]} Bxg2 {[%clk
0:02:30]} 24. Bxc6+ {[%clk 0:13:52]} Kf8 {[%clk 0:02:38]} 25. Rg3 {[%clk
0:10:05]} Bxf1 {[%clk 0:02:20]} 26. Rxg5 {[%clk 0:10:12]} Rxc6 {[%clk 0:01:23]}
27. Rxe5 {[%clk 0:08:22]} Bh3 {[%clk 0:01:43]} 28. Nd4 {[%clk 0:05:47]} Rg6+
{[%clk 0:01:18]} 29. Kf2 {[%clk 0:06:16]} Bh4+ {[%clk 0:01:03]} 30. Ke3 {[%clk
0:06:34]} Rxa4 {[%clk 0:00:46]} 31. Nf3 {[%clk 0:05:20]} Bf6 {[%clk 0:00:42]} 32.
Rb5 {[%clk 0:04:12]} Bxb2 {[%clk 0:00:45]} 33. Nd3 {[%clk 0:04:36]} Bc3 {[%clk
0:00:36]} 34. Nf4 {[%clk 0:03:23]} Bg4 {[%clk 0:00:55]} 35. Nxg6+ {[%clk
0:02:35]} hxg6 {[%clk 0:00:16]} 36. Rg1 {[%clk 0:00:03]} Bxf3 {[%clk 0:00:40]}
37. Kxf3 {[%clk 0:00:33]} Ra2 {[%clk 0:01:10]} 1/2-1/2

[Event "U12-U20 French Championships"]
[Site "chess24.com"]
[Date "2019.04.17"]
[Round "5"]
[White "Christien, Vincent"]
[Black "Zachary, Matheo"]
[Result "0-1"]
[Board "20"]
[WhiteElo "2183"]
[WhiteCountry "FRA"]
[WhiteFideId "26092999"]
[WhiteEloChange "-7"]
[BlackTitle "FM"]
[BlackElo "2281"]
[BlackCountry "FRA"]
[BlackFideId "26024691"]
[BlackEloChange "7"]

1. e4 {[%clk 1:30:57]} c5 {[%clk 1:30:47]} 2. Nf3 {[%clk 1:31:23]} Nc6 {[%clk
1:31:11]} 3. Nc3 {[%clk 1:31:42]} Nf6 {[%clk 1:31:36]} 4. d4 {[%clk 1:26:48]}
cxd4 {[%clk 1:31:59]} 5. Nxd4 {[%clk 1:27:14]} d6 {[%clk 1:32:16]} 6. Be2 {[%clk
1:19:59]} e5 {[%clk 1:32:40]} 7. Nf3 {[%clk 1:15:47]} Be6 {[%clk 1:30:11]} 8. Ng5
{[%clk 1:10:16]} Nd4 {[%clk 1:24:51]} 9. Nxe6 {[%clk 1:08:03]} fxe6 {[%clk
1:24:53]} 10. Be3 {[%clk 1:05:13]} Nxe2 {[%clk 1:23:40]} 11. Qxe2 {[%clk
1:05:29]} Be7 {[%clk 1:15:40]} 12. Rd1 {[%clk 0:58:51]} O-O {[%clk 1:13:47]} 13.
O-O {[%clk 0:58:00]} a6 {[%clk 1:03:48]} 14. Rd2 {[%clk 0:46:06]} Rc8 {[%clk
1:02:28]} 15. Rfd1 {[%clk 0:39:00]} Qc7 {[%clk 1:00:09]} 16. Bg5 {[%clk 0:33:45]}
Qb6 {[%clk 0:58:50]} 17. Na4 {[%clk 0:25:38]} Qa5 {[%clk 0:56:48]} 18. Nc3 {[%clk
0:22:25]} Qb4 {[%clk 0:56:37]} 19. Rd3 {[%clk 0:22:02]} Kh8 {[%clk 0:47:55]} 20.
Bc1 {[%clk 0:19:20]} Rc4 {[%clk 0:43:12]} 21. a3 {[%clk 0:17:47]} Qc5 {[%clk
0:43:10]} 22. Rh3 {[%clk 0:14:33]} d5 {[%clk 0:35:13]} 23. exd5 {[%clk 0:08:28]}
exd5 {[%clk 0:35:26]} 24. Kh1 {[%clk 0:06:47]} d4 {[%clk 0:27:42]} 25. Ne4 {[%clk
0:06:37]} Rxc2 {[%clk 0:27:44]} 26. Nxf6 {[%clk 0:06:53]} Rxf6 {[%clk 0:27:47]}
27. Qe4 {[%clk 0:05:11]} h6 {[%clk 0:26:04]} 28. Bg5 {[%clk 0:05:28]} Rc6 {[%clk
0:25:37]} 29. b4 {[%clk 0:02:38]} Qd6 {[%clk 0:25:36]} 30. Bxe7 {[%clk 0:02:47]}
Qxe7 {[%clk 0:26:05]} 31. f4 {[%clk 0:02:49]} Rc1 {[%clk 0:19:37]} 32. Rd3 {[%clk
0:02:43]} Rxd1+ {[%clk 0:19:40]} 33. Rxd1 {[%clk 0:03:12]} Re6 {[%clk 0:19:59]}
34. fxe5 {[%clk 0:02:49]} Rxe5 {[%clk 0:20:14]} 35. Qxd4 {[%clk 0:03:08]} Re1+
{[%clk 0:20:26]} 36. Rxe1 {[%clk 0:03:34]} Qxe1+ {[%clk 0:20:53]} 37. Qg1 {[%clk
0:03:58]} Qc3 {[%clk 0:21:17]} 38. h3 {[%clk 0:03:29]} Qxa3 {[%clk 0:21:32]} 39.
Qc5 {[%clk 0:03:33]} Qa1+ {[%clk 0:21:10]} 40. Kh2 {[%clk 0:03:58]} b5 {[%clk
0:21:37]} 41. Qd6 {[%clk 0:01:48]} Kg8 {[%clk 0:21:06]} 42. Qe6+ {[%clk 0:01:30]}
Kf8 {[%clk 0:21:14]} 43. Qd6+ {[%clk 0:01:18]} Kf7 {[%clk 0:21:11]} 44. Qd7+
{[%clk 0:01:00]} Kf6 {[%clk 0:21:27]} 45. Qd6+ {[%clk 0:00:57]} Kf5 {[%clk
0:21:34]} 46. Qd3+ {[%clk 0:00:47]} Ke6 {[%clk 0:21:06]} 47. Qg6+ {[%clk
0:00:39]} Qf6 {[%clk 0:20:50]} 48. Qe8+ {[%clk 0:00:46]} Kd5 {[%clk 0:21:10]} 49.
Qc8 {[%clk 0:00:45]} Qf4+ {[%clk 0:21:03]} 50. Kg1 {[%clk 0:00:49]} Qxb4 {[%clk
0:21:11]} 51. Qxa6 {[%clk 0:01:07]} Qd4+ {[%clk 0:21:01]} 52. Kh1 {[%clk
0:01:10]} b4 {[%clk 0:21:25]} 53. Qa2+ {[%clk 0:01:08]} Kc5 {[%clk 0:21:46]} 54.
Qc2+ {[%clk 0:00:50]} Qc3 {[%clk 0:21:34]} 55. Qf5+ {[%clk 0:01:02]} Kc4 {[%clk
0:21:51]} 56. Qe4+ {[%clk 0:01:23]} Kb3 {[%clk 0:22:09]} 57. Qb1+ {[%clk
0:01:39]} Ka3 {[%clk 0:22:32]} 58. Qg6 {[%clk 0:01:23]} b3 {[%clk 0:22:25]} 59.
Qa6+ {[%clk 0:01:51]} Kb2 {[%clk 0:22:46]} 60. Kg1 {[%clk 0:02:15]} Kb1 {[%clk
0:21:19]} 61. Kf1 {[%clk 0:02:18]} b2 {[%clk 0:21:38]} 62. Ke2 {[%clk 0:02:33]}
Kc1 {[%clk 0:21:39]} 0-1

[Event "U12-U20 French Championships"]
[Site "chess24.com"]
[Date "2019.04.17"]
[Round "5"]
[White "Degraeve, Remy"]
[Black "Defromont, Benjamin"]
[Result "1/2-1/2"]
[Board "21"]
[WhiteTitle "FM"]
[WhiteElo "2312"]
[WhiteCountry "FRA"]
[WhiteFideId "26024560"]
[WhiteEloChange "-3"]
[BlackElo "2200"]
[BlackCountry "FRA"]
[BlackFideId "36068829"]
[BlackEloChange "3"]

1. b3 {[%clk 1:30:57]} e5 {[%clk 1:29:11]} 2. Bb2 {[%clk 1:31:24]} Nc6 {[%clk
1:29:33]} 3. e3 {[%clk 1:31:52]} Nf6 {[%clk 1:29:01]} 4. Bb5 {[%clk 1:32:18]} d6
{[%clk 1:26:10]} 5. d4 {[%clk 1:32:10]} exd4 {[%clk 1:25:33]} 6. exd4 {[%clk
1:32:33]} a6 {[%clk 1:24:52]} 7. Be2 {[%clk 1:27:14]} d5 {[%clk 1:22:24]} 8. Nf3
{[%clk 1:27:31]} Bd6 {[%clk 1:10:00]} 9. O-O {[%clk 1:27:41]} Ne7 {[%clk
1:08:37]} 10. Nbd2 {[%clk 1:19:05]} O-O {[%clk 1:08:42]} 11. Ne5 {[%clk 1:18:17]}
b6 {[%clk 1:03:18]} 12. Bd3 {[%clk 1:16:41]} Bb7 {[%clk 1:00:56]} 13. Qe1 {[%clk
1:10:45]} c5 {[%clk 0:57:05]} 14. f4 {[%clk 1:09:45]} Nc6 {[%clk 0:50:47]} 15.
dxc5 {[%clk 0:58:03]} Bxc5+ {[%clk 0:45:26]} 16. Kh1 {[%clk 0:58:25]} Nb4 {[%clk
0:45:40]} 17. Rf3 {[%clk 0:52:14]} Nxd3 {[%clk 0:44:21]} 18. Rxd3 {[%clk
0:52:37]} Qe7 {[%clk 0:26:42]} 19. Qg3 {[%clk 0:46:19]} Rad8 {[%clk 0:21:46]} 20.
Re1 {[%clk 0:39:42]} Nh5 {[%clk 0:20:49]} 21. Qg4 {[%clk 0:38:46]} Nf6 {[%clk
0:18:59]} 22. Qf5 {[%clk 0:34:45]} Bc8 {[%clk 0:08:59]} 23. Qg5 {[%clk 0:34:29]}
Ne4 {[%clk 0:09:15]} 24. Nxe4 {[%clk 0:34:39]} dxe4 {[%clk 0:09:40]} 25. Qxe7
{[%clk 0:32:46]} Bxe7 {[%clk 0:09:46]} 26. Rxe4 {[%clk 0:32:24]} Bf5 {[%clk
0:09:36]} 27. Rxd8 {[%clk 0:29:18]} Rxd8 {[%clk 0:09:16]} 28. Re1 {[%clk
0:26:23]} Bc5 {[%clk 0:07:37]} 29. Nd3 {[%clk 0:26:48]} Bf8 {[%clk 0:05:36]} 30.
h3 {[%clk 0:26:19]} f6 {[%clk 0:05:56]} 31. a4 {[%clk 0:23:20]} Rd7 {[%clk
0:04:42]} 32. Re8 {[%clk 0:19:03]} Kf7 {[%clk 0:04:23]} 33. Rb8 {[%clk 0:19:26]}
Bc5 {[%clk 0:01:20]} 34. Nxc5 {[%clk 0:09:54]} bxc5 {[%clk 0:01:49]} 35. Ba3
{[%clk 0:09:53]} Rd2 {[%clk 0:01:42]} 36. g4 {[%clk 0:04:52]} Be4+ {[%clk
0:01:58]} 37. Kg1 {[%clk 0:05:19]} Rxc2 {[%clk 0:02:09]} 38. Rc8 {[%clk 0:04:41]}
Rc3 {[%clk 0:01:59]} 39. Rc7+ {[%clk 0:04:40]} Ke6 {[%clk 0:00:42]} 40. Rxg7
{[%clk 0:04:00]} Rxb3 {[%clk 0:00:51]} 41. Bxc5 {[%clk 0:04:18]} Rxh3 {[%clk
0:01:16]} 42. Bd4 {[%clk 0:04:38]} h5 {[%clk 0:00:52]} 43. f5+ {[%clk 0:02:08]}
Kd5 {[%clk 0:01:09]} 44. Bxf6 {[%clk 0:02:12]} hxg4 {[%clk 0:01:32]} 45. Rxg4
{[%clk 0:02:25]} Bxf5 {[%clk 0:01:53]} 1/2-1/2